La universidad europea y americana desde 1800: las tres transformaciones de la Universidad moderna
Spremljeno u:
| Glavni autori: | , |
|---|---|
| Format: | Knjiga |
| Jezik: | španjolski |
| Izdano: |
Barcelona
Pomares Corredor
1996
|
| Serija: | Colección Educación y Conocimiento
|
| Teme: | |
| Oznake: |
Dodaj oznaku
Bez oznaka, Budi prvi tko označuje ovaj zapis!
|
MARC
| LEADER | 00000nam a2200000 a 4500 | ||
|---|---|---|---|
| 001 | UCT8255 | ||
| 003 | CL-VaPUC | ||
| 008 | 970326e19960000SP |||||||||||||||||spa|d | ||
| 082 | 0 | 4 | |a 378 |b ROT |2 21 |
| 100 | 0 | |a Rothblatt, Sheldon |e author |9 379870 | |
| 700 | 0 | |a Wittrock, Bjorn |e author |9 379871 | |
| 245 | 1 | 3 | |a La universidad europea y americana desde 1800: las tres transformaciones de la Universidad moderna |
| 300 | |a 412 p | ||
| 942 | |c BK | ||
| 945 | |d 19970326 00:00:00 |a nastorga | ||
| 260 | |a Barcelona |b Pomares Corredor |c 1996 | ||
| 650 | 0 | |a Educación superior |9 223851 | |
| 650 | 0 | |a Universidad |9 257557 | |
| 650 | 0 | |a Investigación |9 257811 | |
| 650 | 0 | |a Estado |9 255503 | |
| 650 | 7 | |a CONOCIMIENTO |2 CL-VaPUC |9 308991 | |
| 651 | 0 | |a América |9 255182 | |
| 651 | 0 | |a Europa |9 255156 | |
| 583 | |a last modification |c 20150625 11:31:36 |k Rodrigo Vera | ||
| 490 | 0 | |a Colección Educación y Conocimiento | |
| 999 | |c 256772 |d 256770 | ||
| 952 | |0 0 |1 0 |4 0 |6 378_000000000000000_ROT_1996 |7 0 |8 A |9 279736 |a FDOPOS |b FDOPOS |d 2019-11-19 |i 3291413 |o 378 ROT 1996 |p 3291413 |r 2025-01-22 |w 2019-11-19 |y BK |k MED | ||